000 00558nam a2200193Ia 4500
005 20250508155655.0
008 008 250505s9999 xx 000 0 eng d
037 _aTextual
040 _aFEDL
_beng
_cFEDL
041 _aeng
_2eng
084 _a428.6, TRE
_qFEDL
100 _aTreble H A Ed.
_959744
245 0 _aShort stories retold, Book 1
260 _aLondon, UK
_bOxford University Press
_c1957
300 _a70p
490 _aTales retold for easy reading; First series
942 _cTEXL
_h428.6, TRE
999 _c1358711
_d1358711